CMOS : mixed signal circuit design (Record no. 11058)
[ view plain ]
| 000 -LEADER | |
|---|---|
| fixed length control field | 00742 a2200217 4500 |
| 010 ## - LIBRARY OF CONGRESS CONTROL NUMBER | |
| LC control number | 2009417740 |
| 020 ## - INTERNATIONAL STANDARD BOOK NUMBER | |
| International Standard Book Number | 9788126516575 |
| 020 ## - INTERNATIONAL STANDARD BOOK NUMBER | |
| International Standard Book Number | 9788126516575 |
| 035 ## - SYSTEM CONTROL NUMBER | |
| System control number | (OCoLC)ocn244652589 |
| 040 ## - CATALOGING SOURCE | |
| Original cataloging agency | DLC |
| 082 04 - DEWEY DECIMAL CLASSIFICATION NUMBER | |
| Classification number | 621.395 |
| 245 10 - TITLE STATEMENT | |
| Title | CMOS : mixed signal circuit design |
| Remainder of title | mixed signal circuit design |
| Statement of responsibility, etc. | R. Jacob Baker. |
| 260 ## - PUBLICATION, DISTRIBUTION, ETC. | |
| Place of publication, distribution, etc. | New Delhi |
| Name of publisher, distributor, etc. | John Wiley & Sons, Inc |
| Place of publication, distribution, etc. | New Delhi |
| Name of publisher, distributor, etc. | Wiley |
| Date of publication, distribution, etc. | 2008 |
| 300 ## - PHYSICAL DESCRIPTION | |
| Extent | xvii, 501 p. : |
| Other physical details | ill. ; |
| Dimensions | 24 cm. |
| 490 0# - SERIES STATEMENT | |
| Series statement | IEEE Press series on microelectronic systems |
| 500 ## - GENERAL NOTE | |
| General note | Previous ed.: New York: Wiley, 2002. |
| 650 #0 - SUBJECT ADDED ENTRY--TOPICAL TERM | |
| Topical term or geographic name entry element | Metal oxide semiconductors, Complementary. |
| 650 #0 - SUBJECT ADDED ENTRY--TOPICAL TERM | |
| Topical term or geographic name entry element | Mixed signal circuits |
| General subdivision | Design. |
| 650 #0 - SUBJECT ADDED ENTRY--TOPICAL TERM | |
| Topical term or geographic name entry element | Electronic circuit design. |
| 942 ## - ADDED ENTRY ELEMENTS (KOHA) | |
| Koha item type | Book |
| Call number prefix | 621.395 BAK |
| Source of classification or shelving scheme | |
| Withdrawn status | Lost status | Damaged status | Not for loan | Collection code | Permanent Location | Current Location | Shelving location | Date acquired | Source of acquisition | Cost, normal purchase price | Total Checkouts | Full call number | Barcode | Date last seen | Price effective from | Koha item type |
|---|---|---|---|---|---|---|---|---|---|---|---|---|---|---|---|---|
| Central Library (CL) | Central Library (CL) | General Stacks | 08/10/2012 | Pak Book Corporation | 888.00 | 621.395 BAK | SEECS011488 | 11/14/2012 | 01/05/2017 | Book |
